| Поле | Инд. | ПП | Название | Значение |
|---|---|---|---|---|
| Тип записи | a | |||
| Библиографический уровень | m | |||
| 001 | Контрольный номер | 465dbc7bbf614cf398721a623727d601 | ||
| 005 | Дата корректировки | 20260514144756.3 | ||
| 020 | a | ISBN | 978-966-349-266-7 | |
| 097 | b | Оператор | *Ви* | |
| 100 | 1_ | a | Автор | Рудяков А.Н. |
| 245 | 10 | a | Заглавие | Русский язык |
| b | Продолж. заглавия | учебник для 10 класса | ||
| b | Продолж. заглавия | в составе учебно-методического комплекса | ||
| 260 | a | Место издания | К. | |
| b | Издательство | Грамота | ||
| c | Дата издания | 2010 | ||
| 300 | a | Объем | 288 с. | |
| 440 | _0 | a | Серия | УМК-У |
| 516 | 8_ | a | Прим. о типе комп. файла/ данных | Текст : электронный |
| 535 | 1_ | a | Хранилище | Внешний сервер |
| 583 | a | Действие | Приписка : УМК | |
| 653 | 0_ | a | Ключевые слова | Русский язык |
| a | Ключевые слова | СПО | ||
| 700 | 12 | a | Другие авторы | Фролова Т.Я. |
| 700 | 12 | a | Другие авторы | Быкова Е.И. |
| 773 | 18 | w | Контрольный № источника | 49a893bb61f140158b24da04a763a8c5 |
| 856 | 40 | u | URL | https://uchebnik-tetrad.com/russkij-yazyk-uchebniki-rabochie-tetradi/uchebnik-po-russkomu-yazyku-10-klass-rudyakov-frolova-bykova-chitat-onlajn#prettyPhoto[gallery1]/285/ |
| 901 | t | Тип документа | m | |
| 905 | b | Дата создания записи обработка | 18.09.25 | |
| c | Дата приписки | 14.05.26 |